Statistics for Knoxville General Knowledge

Click here to take the quiz!

General Stats

  • This quiz has been taken 35 times
  • The average score is 6 of 10

Answer Stats

HintAnswer% Correct
Major university that put Knoxville on the map.University of Tennessee
87%
Huge event that was hosted here in 1982Worlds Fair
84%
652 mile long river that flows through downtown KnoxvilleTennessee River
81%
Giant gold ball that served as a symbol for the major 1982 eventThe Sunsphere
74%
Popular street that goes past the theater onto a bridge over the above riverGay Street
55%
A busy section of downtown featuring restaurants and barsMarket Square
52%
Famous director and writer born in KnoxvilleQuentin Tarantino
48%
Mascot for above college. If you live here you'll probably see it on every shirtVols
42%
Historic district located at the northeast corner of downtownThe Old City
39%
City nickname given by WSJ in a report that called knox a "______ Little City"Scruffy
35%

Score Distribution

Percentile by Number Answered

Percent of People with Each Score

Your Score History

You have not taken this quiz